00000000nam 2200000zi 4500
0019.947139
003CaOODSP
00520250324131007
006m     o  d f      
007cr mn|||||||||
008250120e198206  onca    ob   f000 0 fre d
040 |aCaOODSP|bfre|erda|cCaOODSP
043 |an-cn---
0861 |aCo26-37/1982F-PDF
24500|aStratégie d'analyse de la bureautique / |cCECIT et Hickling-Partners Inc.
264 1|a[Ottawa] : |bGouvernement du Canada, Ministère des Communications = Government of Canada, Department of Communications, |cjuin 1982.
300 |a1 ressource en ligne (132 pages non numérotées) : |billustrations
336 |atexte|btxt|2rdacontent/fre
337 |ainformatique|bc|2rdamedia/fre
338 |aressource en ligne|bcr|2rdacarrier/fre
500 |aÉdition numérisée de l'imprimé [par Innovation, sciences et développement économique Canada].
500 |aPublié aussi en anglais sous le titre : Office automation analysis strategy.
500 |a« Réf. du MAS: GS. 36100-1-0229. »
504 |aComprend des références bibliographiques.
650 6|aBureaux|xOrganisation|xMéthodes de simulation.
650 6|aBureautique|xMéthodes de simulation.
7101 |aCanada. |bMinistère des communications, |eorganisme de publication.
77508|tOffice automation analysis strategy / |w(CaOODSP)9.939583
85640|qPDF|s2.58 Mo|uhttps://publications.gc.ca/collections/collection_2025/isde-ised/co26/Co26-37-1982-fra.pdf